• 首页
  • 本馆介绍
  • 公告通知
  • 最新文献
  • 馆藏检索
  • 电子资源
  • 读者导购
  • 参考咨询
  • 我的图书馆
  • 登录
  • 详细信息显示
  • 放入我的书架
  • 预约/预借图书
  • 作者相关作品
  • 分类相关作品
  • 丛书相关作品
  • 出版社相关作品

书目信息

  • 表格格式
  • 工作单格式
  • 卡片格式
题名:
木工基础手工具
    
 
作者: 郭子荣 著
分册:  
出版信息: 南京   江苏凤凰文艺出版社  2019
页数: 191页
开本: 23cm
丛书名:
单 册:
中图分类: TS644 , TS64
科图分类:
主题词: 木工工具--基本知识
电子资源:
ISBN: 978-7-5594-3245-2
000 00841nam0 2200229 450
001 2365222134
005 20241125151053.11
010    @a978-7-5594-3245-2@dCNY60.00
100    @a20190508d2019 em y0chiy50 ea
101 0  @achi
102    @aCN@b320000
105    @aa z 000yy
200 1  @a木工基础手工具@9mu gong ji chu shou gong ju@f郭子荣著
210    @a南京@c江苏凤凰文艺出版社@d2019
215    @a191页@c图,照片@d23cm
330    @a本书主要是对木工手工具的用法讲解与图示,涵盖各种手工具用途介绍、操作方法展示、注意事项,木家具选材、取料方法,以及基本榫接方法教学、木工小家具制作等内容,并结合手工具图、操作图和步骤图,清晰展示了木工工具使用方法以及木家具制作技巧。
606 0  @a木工工具@x基本知识
690    @aTS644@v5
690    @aTS64@v4
701  0 @a郭子荣@9guo zi rong@4著
801  0 @aCN@b91MARC@c20190508
905    @aBZT@dTS64@e3
    
    木工基础手工具/郭子荣著.-南京:江苏凤凰文艺出版社,2019
    191页:图,照片;23cm
    
    
    ISBN 978-7-5594-3245-2:CNY60.00
    本书主要是对木工手工具的用法讲解与图示,涵盖各种手工具用途介绍、操作方法展示、注意事项,木家具选材、取料方法,以及基本榫接方法教学、木工小家具制作等内容,并结合手工具图、操作图和步骤图,清晰展示了木工工具使用方法以及木家具制作技巧。
●
相关链接 在五车中查询图书 在当当中查询图书 在豆瓣中查询图书


正题名:木工基础手工具     索取号:TS64/3         预约/预借

序号 登录号 条形码 馆藏地/架位号 状态 备注
1 2000977345   2000977345   中教、安徽混合/山东中教(第一批)/108/ [索取号:TS64/3] 在馆    
2 2000977346   2000977346   中教、安徽混合/山东中教(第一批)/108/ [索取号:TS64/3] 在馆    
3 2000977347   2000977347   中教、安徽混合/山东中教(第一批)/108/ [索取号:TS64/3] 在馆    
4 2000977348   2000977348   中教、安徽混合/山东中教(第一批)/108/ [索取号:TS64/3] 在馆    
5 2000977349   2000977349   中教、安徽混合/山东中教(第一批)/108/ [索取号:TS64/3] 在馆    
6 2000977350   2000977350   第四书库/四27架A面2层5列/ [索取号:TS64/3] 在馆    
山东省滨州职业学院图书馆 欢迎您!
大连网信软件有限公司© 版权所有